| 000 | 00687nam a2200217Ii 4500 | ||
|---|---|---|---|
| 003 | JO-AjNU | ||
| 008 | 230605s9999||||xx |||||||||||||| ||und|| | ||
| 017 | _a95/10646 | ||
| 020 | _a977-03-0166-3 | ||
| 040 |
_aJO-AjNU _bara _erda _cJO-AjNU |
||
| 041 | _aara | ||
| 050 | 1 | 4 | _aRA781.B3964 |
| 100 | 3 |
_aمهيب ، هشام/ م مشارك علي البيك ، علاء عليوة, _eauthor _97704 |
|
| 245 | 0 | 0 | _aراحة الرياضي |
| 264 | 3 | 1 | _aالاسكندرية ، منشاة المعارف ، 1900 |
| 300 | _a192ص | ||
| 336 |
_atext _btxt _2rdacontent |
||
| 337 |
_aunmediated _bn _2rdamedia |
||
| 338 |
_avolume _bnc _2rdacarrier |
||
| 650 | 4 |
_aالطب الرياضي _97705 |
|
| 999 |
_aA415 _c3983 _d3983 |
||